[Event "Bristol Centenary & WECU Championship"]
[Site "The Great Hall, Bristol Gramm"]
[Date "2024.04.28"]
[Round "5.28"]
[White "Leroy, Jason"]
[Black "Maton, Emily"]
[Result "0-1"]
[WhiteElo "1636"]
[BlackElo "1876"]
[PlyCount "96"]
[EventDate "2024.04.26"]
[EventRounds "5"]
[EventCountry "ENG"]
[SourceTitle "DT 112"]
[SourceDate "2024.08.26"]
[SourceVersion "1"]
[SourceVersionDate "2024.08.26"]
[SourceQuality "1"]

1. e4 e6 2. d4 d5 3. Nc3 Bb4 4. e5 c5 5. a3 Bxc3+ 6. bxc3 Ne7 7. Nf3 b6 8. Bd3
c4 9. Be2 Nbc6 10. Bg5 h6 11. Bh4 Qc7 12. Bg3 Nf5 13. O-O Bb7 14. h3 O-O-O 15.
Bh2 Rdg8 16. Kh1 g5 17. Ng1 Qe7 18. Bh5 Ng7 19. Bf3 h5 20. g4 f5 21. exf6 Qxf6
22. Re1 hxg4 23. Bxg4 Qxf2 24. Rf1 Qe3 25. Rf3 Qe4 26. Qd2 Ne7 27. Re1 Qg6 28.
Ref1 Ngf5 29. Re1 Nc6 30. Re2 Rf8 31. Qe1 Rf6 32. Rxe6 Rxe6 33. Bxf5 Qxf5 34.
Qg3 Qf4 35. Rxf4 gxf4 36. Qxf4 Re7 37. Nf3 Rhh7 38. Qf5+ Rd7 39. Ng5 Rhe7 40.
Ne6 Rf7 41. Qg4 Ba6 42. h4 Bb5 43. h5 Ba4 44. Qg8+ Kb7 45. h6 Bxc2 46. Ng5 Rfe7
47. Ne6 Rf7 48. Qg2 Be4 0-1

[Event "Bristol Centenary & WECU Championship"]
[Site "The Great Hall, Bristol Gramm"]
[Date "2024.04.28"]
[Round "5.29"]
[White "Crockart, George N"]
[Black "Miller, George I"]
[Result "0-1"]
[WhiteElo "1954"]
[BlackElo "1893"]
[PlyCount "70"]
[EventDate "2024.04.26"]
[EventRounds "5"]
[EventCountry "ENG"]
[SourceTitle "DT 112"]
[SourceDate "2024.08.26"]
[SourceVersion "1"]
[SourceVersionDate "2024.08.26"]
[SourceQuality "1"]

1. f4 e5 2. e4 d5 3. exd5 exf4 4. Nf3 Nf6 5. c4 c6 6. Qe2+ Be7 7. Nc3 O-O 8. d4
Re8 9. Kd1 Bb4 10. Qc2 cxd5 11. Bxf4 dxc4 12. Bxb8 Rxb8 13. Bxc4 Bxc3 14. bxc3
Bg4 15. Re1 Qc7 16. Rxe8+ Rxe8 17. Bd3 Qxh2 18. Kc1 Bxf3 19. gxf3 Re1+ 20. Kb2
Qxc2+ 21. Bxc2 Rxa1 22. Kxa1 h5 23. Bf5 g6 24. Bc8 b6 25. Kb2 Nd5 26. Kc2 Kg7
27. Kd2 f5 28. c4 Ne7 29. Bd7 g5 30. c5 bxc5 31. dxc5 Kf6 32. c6 Nd5 33. Kd3
Ke5 34. a3 h4 35. Kc4 h3 0-1